|
000
|
01076nam0 2200289 45
|
|
001
|
012012002538
|
|
005
|
20070730134233.0
|
|
010
|
|
@a978-7-5349-4755-1@dCNY29.80
|
|
100
|
|
@a20120604d2011 em y0chiy0121 ea
|
|
101
|
0
|
@achi
|
|
102
|
|
@aCN@b410000
|
|
105
|
|
@aa z 000yy
|
|
106
|
|
@ar
|
|
200
|
1
|
@a手做布包的26堂课@9shou zuo bu bao de26 tang ke@d= My handmade bag@f彭莉娟编著@zeng
|
|
210
|
|
@a郑州@c河南科学技术出版社@d2011.01
|
|
215
|
|
@a128页@c图@d26cm
|
|
306
|
|
@a台湾艺风堂出版社授权出版
|
|
314
|
|
@a彭莉娟(Alice),学历:辅仁大学企管系毕业,工作经历:贸易公司业务,花旗银行理财专员,金像电子业务工程师。
|
|
330
|
|
@a本书介绍了红发女孩餐袋、立体便当袋、菇菇化妆包、可爱小狗笔袋、花语化妆包、六角花园侧背包、荷叶水饺包、午餐外出袋、多功能手机袋、高原女孩斜背包等数十款实用小布包的制作方法。
|
|
510
|
1
|
@aMy handmade bag@zeng
|
|
606
|
0
|
@a布料@x手工艺品@x制作
|
|
606
|
0
|
@a布料
|
|
606
|
0
|
@a手工艺品
|
|
690
|
|
@aTS97@v4
|
|
701
|
0
|
@a彭莉娟@9peng li juan@4编著
|
|
801
|
0
|
@aCN@bSOFMIT@c
|
|
905
|
|
@aCKNYKJZYXY@b300413937-41@dTS97@e187@f5
|
|
|
|
|
| |
| 手做布包的26堂课= My handmade bag/彭莉娟编著.-郑州:河南科学技术出版社,2011.01 |
| 128页:图;26cm |
| |
| |
| ISBN 978-7-5349-4755-1:CNY29.80 |
| 本书介绍了红发女孩餐袋、立体便当袋、菇菇化妆包、可爱小狗笔袋、花语化妆包、六角花园侧背包、荷叶水饺包、午餐外出袋、多功能手机袋、高原女孩斜背包等数十款实用小布包的制作方法。 |
| ● |
正题名:手做布包的26堂课
索取号:TS97/187
 
预约/预借
| 序号
|
登录号
|
条形码
|
馆藏地/架位号
|
状态
|
备注
|
|
1
|
413937
|
300413937
|
海科密-1楼/53架12列2层/
[索取号:TS97/187]
|
在馆
|
|
|
2
|
413938
|
300413938
|
海科密-1楼/53架12列2层/
[索取号:TS97/187]
|
在馆
|
|
|
3
|
413939
|
300413939
|
海科密-1楼/53架12列2层/
[索取号:TS97/187]
|
在馆
|
|
|
4
|
413940
|
300413940
|
海科密-1楼/53架12列2层/
[索取号:TS97/187]
|
在馆
|
|
|
5
|
413941
|
300413941
|
海科密-1楼/53架12列2层/
[索取号:TS97/187]
|
在馆
|
|